[Event "Oberliga Bayern 9495"]
[Site "Bayern"]
[Date "1995.??.??"]
[Round "?.2"]
[White "Bus, Mariusz"]
[Black "Wach, Markus"]
[Result "0-1"]
[WhiteElo "2385"]
[BlackElo "2380"]
[PlyCount "156"]
[EventDate "1994.10.09"]
[EventType "team-tourn"]
[EventRounds "9"]
[EventCountry "GER"]
[SourceTitle "EXT 1999"]
[Source "ChessBase"]
[SourceDate "1998.11.16"]
[SourceVersion "1"]
[SourceVersionDate "1998.11.16"]
[SourceQuality "1"]
[WhiteTeam "Hof SK"]
[BlackTeam "Pang/Rosenheim"]
[WhiteTeamCountry "GER"]
[BlackTeamCountry "GER"]

1. e4 c5 2. Nf3 d6 3. Bb5+ Bd7 4. Bxd7+ Qxd7 5. 0-0 Nc6 6. c3 Nf6 7. Re1 e6 8. d4 cxd4 9. cxd4 d5 10. e5 Ne4 11. Nbd2 Nxd2 12. Bxd2 Be7 13. Qb3 0-0 14. Qd3 Rac8 15. h4 f5 16. exf6 Bxf6 17. Re2 Nd8 18. Rae1 Rc6 19. Bg5 Nf7 20. Qe3 Qe7 21. Bxf6 Qxf6 22. Qb3 Rb6 23. Qa3 a6 24. Rc1 Qf4 25. Rec2 Nd6 26. Qe3 Qxe3 27. fxe3 Nc4 28. b3 Nxe3 29. Rc8 Ng4 30. h5 h6 31. Ne5 Nxe5 32. dxe5 Rb5 33. Rxf8+ Kxf8 34. Rc8+ Ke7 35. Rc7+ Ke8 36. Rxg7 d4 37. Rg4 Rd5 38. Kf2 d3 39. Ke1 Rxe5+ 40. Kd2 Rxh5 41. Kxd3 Rg5 42. Re4 Kd7 43. g4 Kd6 44. Rb4 b5 45. Rf4 h5 46. gxh5 Rxh5 47. a4 Rh3+ 48. Kc2 Re3 49. a5 Kc5 50. b4+ Kd5 51. Rf7 Re4 52. Rd7+ Ke5 53. Ra7 Rc4+ 54. Kd3 Rc6 55. Rh7 Kd5 56. Rd7+ Rd6 57. Rc7 e5 58. Rc5+ Ke6+ 59. Ke3 Kf5 60. Rc8 Rh6 61. Ra8 Rh3+ 62. Ke2 Ke4 63. Rxa6 Rh2+ 64. Kf1 Rb2 65. Rb6 Rxb4 66. a6 Kf3 67. Ke1 e4 68. a7 Ra4 69. Rb7 Ke3 70. Kd1 Ra2 71. Re7 b4 72. Rb7 Ra3 73. Kc2 Kf3 74. Kd1 Ra1+ 75. Kd2 Ra2+ 76. Kd1 b3 77. Rf7+ Ke3 78. Rb7 Ra1# 0-1

[Event "Legnica"]
[Site "Legnica"]
[Date "1995.??.??"]
[Round "?"]
[White "Saskowski, Jacek"]
[Black "Bus, Mariusz"]
[Result "1/2-1/2"]
[WhiteElo "2315"]
[BlackElo "2390"]
[PlyCount "103"]
[EventDate "1995.??.??"]
[EventType "tourn"]
[EventRounds "9"]
[EventCountry "POL"]
[SourceTitle "EXT 1999"]
[Source "ChessBase"]
[SourceDate "1998.11.16"]
[SourceVersion "1"]
[SourceVersionDate "1998.11.16"]
[SourceQuality "1"]

1. e4 e6 2. d4 d5 3. Nc3 Bb4 4. e5 c5 5. a3 Bxc3+ 6. bxc3 Ne7 7. f4 Qc7 8. Nf3 b6 9. Bb5+ Bd7 10. Bd3 Ba4 11. 0-0 Nbc6 12. Bd2 c4 13. Be2 0-0-0 14. Ng5 Rdf8 15. Bg4 Nf5 16. Bxf5 exf5 17. Qc1 Nd8 18. Nh3 h6 19. Nf2 f6 20. Nd1 Qd7 21. Nb2 fxe5 22. fxe5 Ne6 23. Nxa4 Qxa4 24. Rb1 Kb7 25. Rb4 Qc6 26. a4 a5 27. Rb1 g5 28. Qa3 Rf7 29. Rb5 Nc7 30. Rb2 Ka7 31. Re1 Re8 32. Reb1 Na8 33. Rb5 Re6 34. Bc1 Rb7 35. Qf8 Nc7 36. Ba3 Nxb5 37. Rxb5 f4 38. Bc5 bxc5 39. Rxa5+ Kb6 40. Rb5+ Ka7 41. Ra5+ Kb6 42. Qa8 Kc7 43. Rxc5 Qxc5 44. dxc5 Rxe5 45. Kf2 Rb2 46. Qa7+ Kc6 47. Qh7 Re4 48. Qxh6+ Kxc5 49. Qf8+ Kc6 50. Qf6+ Kc5 51. a5 g4 52. Qf8+ 1/2-1/2

[Event "Polanica Zdroj op"]
[Site "Polanica Zdroj"]
[Date "1994.??.??"]
[Round "?"]
[White "Bus, Mariusz"]
[Black "Barwinski, Dionizy"]
[Result "1-0"]
[WhiteElo "2370"]
[BlackElo "2250"]
[PlyCount "131"]
[EventDate "1994.??.??"]
[EventType "swiss"]
[EventRounds "10"]
[EventCountry "POL"]
[SourceTitle "EXT 1998"]
[Source "ChessBase"]
[SourceDate "1997.11.17"]
[SourceVersion "1"]
[SourceVersionDate "1997.11.17"]
[SourceQuality "1"]

1. e4 c6 2. d4 d5 3. Nd2 dxe4 4. Nxe4 Nd7 5. Bc4 Ngf6 6. Nxf6+ Nxf6 7. Nf3 Bg4 8. Bxf7+ Kxf7 9. Ne5+ Kg8 10. Nxg4 Nxg4 11. Qxg4 Qd5 12. 0-0 h5 13. Qh4 Rd8 14. c3 Rd6 15. Re1 Rg6 16. Qe4 Qf7 17. Re3 Rf6 18. Re2 Rg6 19. h3 h4 20. Bf4 Rh5 21. Be5 Rhg5 22. f4 Rf5 23. b3 e6 24. c4 Be7 25. Rf1 Bd8 26. Rf3 Bc7 27. Kh2 Bd8 28. b4 a6 29. a4 Qd7 30. Rb2 Bf6 31. b5 axb5 32. cxb5 Bxe5 33. dxe5 cxb5 34. axb5 b6 35. Rd3 Qf7 36. Rf2 Kh7 37. Rdf3 Qa7 38. Qc4 Qa1 39. Qa2 Qd4 40. Qd2 Qc4 41. Qe2 Qd4 42. Qe3 Qd8 43. Rd2 Qe8 44. Qxb6 Rg3 45. Qf2 Qxb5 46. Rxg3 hxg3+ 47. Qxg3 Qa4 48. Rf2 Qd4 49. Rf3 Kg8 50. Qf2 Qe4 51. h4 Rf7 52. Qg3 Kh7 53. Qg4 Rf5 54. h5 Kh8 55. Rg3 Rf7 56. h6 Qxf4 57. hxg7+ Kg8 58. Qxf4 Rxf4 59. Rg5 Ra4 60. Kg3 Re4 61. Kf3 Ra4 62. Rg6 Ra3+ 63. Kf4 Ra4+ 64. Kg5 Ra2 65. Kf6 Ra1 66. Rg5 1-0

[Event "Karvina op"]
[Site "Karvina"]
[Date "1994.??.??"]
[Round "?"]
[White "Bus, Mariusz"]
[Black "Blehm, Pawel"]
[Result "1/2-1/2"]
[WhiteElo "2370"]
[BlackElo "2115"]
[PlyCount "54"]
[EventDate "1994.??.??"]
[EventType "swiss"]
[EventRounds "9"]
[EventCountry "CZE"]
[SourceTitle "EXT 2004"]
[Source "ChessBase"]
[SourceDate "2003.11.25"]
[SourceVersion "1"]
[SourceVersionDate "2003.11.25"]
[SourceQuality "1"]

1. e4 c5 2. Nc3 a6 3. g3 b5 4. Bg2 Bb7 5. d3 e6 6. f4 Nf6 7. Nf3 d5 8. e5 d4 9. exf6 dxc3 10. f5 Qxf6 11. bxc3 Qxf5 12. 0-0 Qd5 13. c4 Qd7 14. Bb2 Bd6 15. Ng5 0-0 16. Bxb7 Qxb7 17. Qg4 f5 18. Qh4 g6 19. Nxe6 Rf7 20. Nf4 Bxf4 21. Qxf4 Nc6 22. cxb5 axb5 23. Rae1 Qc7 24. Qe3 Nd4 25. Bxd4 cxd4 26. Qxd4 Qa7 27. Qxa7 Rfxa7 1/2-1/2

[Event "BL2-Ost 9394"]
[Site "Germany"]
[Date "1994.??.??"]
[Round "?.3"]
[White "Bus, Mariusz"]
[Black "Haakert, Juergen"]
[Result "0-1"]
[WhiteElo "2370"]
[BlackElo "2335"]
[PlyCount "144"]
[EventDate "1993.10.??"]
[EventType "team-tourn"]
[EventRounds "9"]
[EventCountry "GER"]
[SourceTitle "GER-chT2"]
[Source "ChessBase"]
[SourceDate "1999.07.01"]
[SourceVersion "1"]
[SourceVersionDate "1999.07.01"]
[SourceQuality "1"]
[WhiteTeam "Hof"]
[BlackTeam "Frankfurt FTG"]
[WhiteTeamCountry "GER"]
[BlackTeamCountry "GER"]

1. e4 Nf6 2. Nc3 e5 3. Nf3 d6 4. d4 Nbd7 5. Bc4 Be7 6. 0-0 0-0 7. Re1 c6 8. a4 Qc7 9. h3 b6 10. Bg5 a6 11. Qe2 Bb7 12. Rad1 b5 13. Bb3 Rfe8 14. dxe5 dxe5 15. Bh4 Nc5 16. Bg3 Bf8 17. axb5 axb5 18. Ng5 Nxb3 19. cxb3 Nd7 20. Qh5 Nf6 21. Qe2 Nd7 22. Qc2 Nc5 23. Nf3 f6 24. Ne2 Qf7 25. Nc1 Red8 26. Kh2 Ne6 27. Rxd8 Rxd8 28. Rd1 Rxd1 29. Qxd1 Bc5 30. Nd3 Qd7 31. Qc2 Be7 32. b4 Nd4 33. Nxd4 Qxd4 34. f3 Qc4 35. Qd2 Bc8 36. Bf2 Bd6 37. Bc5 Bc7 38. Nf2 h6 39. Nd1 Qf7 40. Ne3 Qd7 41. Qc3 Qe8 42. Qa3 Be6 43. Qa7 Qd7 44. Qa8+ Kh7 45. Nf1 h5 46. Qa7 g6 47. Kg1 Bd8 48. Qa1 f5 49. Qc1 Bf6 50. Qc2 Bc4 51. Qd2 Qd3 52. Qxd3 Bxd3 53. exf5 gxf5 54. Kf2 Kg6 55. Nd2 Bg5 56. Nb3 Bc4 57. Na5 Bd5 58. Be3 f4 59. Bd2 Kf5 60. Nb7 Bh4+ 61. Kg1 e4 62. fxe4+ Bxe4 63. Bc3 Ke6 64. Nc5+ Kd5 65. Kf1 Bc2 66. Ke2 Bg3 67. Nd7 Ke6 68. Nc5+ Kf5 69. Nb7 Bb3 70. Nc5 Bc4+ 71. Kd2 Bf1 72. Nd3 Bxg2 0-1

[Event "BL2-Ost 9394"]
[Site "Germany"]
[Date "1994.??.??"]
[Round "?.3"]
[White "Bus, Mariusz"]
[Black "Liebert, Heinz"]
[Result "1-0"]
[WhiteElo "2370"]
[BlackElo "2380"]
[PlyCount "60"]
[EventDate "1993.10.??"]
[EventType "team-tourn"]
[EventRounds "9"]
[EventCountry "GER"]
[SourceTitle "GER-chT2"]
[Source "ChessBase"]
[SourceDate "1999.07.01"]
[SourceVersion "1"]
[SourceVersionDate "1999.07.01"]
[SourceQuality "1"]
[WhiteTeam "Hof"]
[BlackTeam "Halle"]
[WhiteTeamCountry "GER"]
[BlackTeamCountry "GER"]

1. e4 c5 2. Nf3 Nc6 3. Nc3 e6 4. d4 cxd4 5. Nxd4 a6 6. Nxc6 bxc6 7. Bd3 d5 8. 0-0 Nf6 9. Qe2 Be7 10. b3 0-0 11. Bb2 Nd7 12. Na4 Nb6 13. Nxb6 Qxb6 14. c4 d4 15. e5 Bb7 16. Qh5 g6 17. Qg4 c5 18. Bc1 Rfe8 19. Bh6 Bf8 20. Bxf8 Rxf8 21. h4 h5 22. Qf4 Qd8 23. Rfe1 Kg7 24. Rad1 a5 25. a4 Bc6 26. Bc2 Qe7 27. Rd3 Rh8 28. Rg3 Ra7 29. Rd1 Be8 30. Qg5 Rh6 1-0